| 000 | 00750nam a22002057a 4500 | ||
|---|---|---|---|
| 999 |
_c92735 _d92735 |
||
| 005 | 20230711113956.0 | ||
| 010 | _aENG-112580 ENG-137347 | ||
| 020 |
_a9789381904480 _c495.00 |
||
| 035 | _aEN-96112 EN-120879 | ||
| 037 | _bDBAD/PUB | ||
| 082 | _a250.30958 | ||
| 245 | 0 | 0 |
_aTrans- Himalayan Buddhism : _cedited by Suchandana Chatterjee _breconnecting spaces, sharing concerns / |
| 260 |
_aNew Delhi _bKW Publishers _c2013 |
||
| 270 |
_a4676/21, First Floor, Ansari Road, Daryaganj, _bNew Delhi _e110002 |
||
| 300 |
_ax,120p. : _c24cm(Hb) _bill. |
||
| 500 | _a Includes bibliographical references. | ||
| 650 |
_a Buddhism _zAsia, Central _xHistory. |
||
| 700 | _a Chatterjee, Suchandana | ||
| 942 |
_2ddc _cEN _mTRA _h250.30958 |
||